| 000 | 01152nam a22003377a 4500 | ||
|---|---|---|---|
| 003 | CHAP | ||
| 005 | 20220329134029.0 | ||
| 008 | 971013s1979 r 00010 d | ||
| 010 | _a14364 | ||
| 011 | _a15336 | ||
| 035 | _a19411 | ||
| 040 | _cCHAP | ||
| 090 | _aTesis | ||
| 100 | 0 | 0 |
_aHernández Domínguez, Luis Fernando. _953969 |
| 245 | _aElementos para la planeación de las construcciones agropecuarias | ||
| 260 |
_aChapingo, Méx. : _bEl Autor, _c1979 |
||
| 300 |
_a270 h. _b: ilus. |
||
| 502 | _aTesis (Ing. Agrónomo Esp. en Irrigación) -- ENA. Depto. de Irrigación | ||
| 590 |
_aALEPH _b10 _c20130110 _lUCH01 _h1235 |
||
| 590 |
_aBATCH-UPD _b10 _c20130110 _lUCH01 _h1459 |
||
| 590 |
_aBATCH-UPD _b10 _c20130410 _lUCH01 _h0922 |
||
| 590 |
_aBATCH-UPD _b10 _c20130914 _lUCH01 _h0400 |
||
| 590 |
_aCONVERSION _b10 _c20130109 _lUCH01 _h1309 |
||
| 650 | 1 | 4 |
_aArquitectura doméstica _xProyectos y planos. _97377 |
| 650 | 1 | 4 |
_aConstrucciones rurales. _927378 |
| 901 | _aBK | ||
| 942 | _cFOLL | ||
| 949 |
_bBC _cTES _d-45117 _eTS1 _i19411 _si |
||
| 949 |
_bBC _cTES _d-45118 _eTS2 _fc.2 _i19411 _si |
||
| 949 |
_bBC _cTES _d-45119 _eTS2 _fc.3 _h21950 _i19411 _si |
||
| 999 |
_c14364 _d14364 |
||